| 000 | 00728cam a2200217 4500500 | ||
|---|---|---|---|
| 005 | 20260405004047.0 | ||
| 041 | _afre | ||
| 042 | _adc | ||
| 100 | 1 | 0 |
_aLarmagnac-Matheron, Octave _eauthor |
| 245 | 0 | 0 | _aLes alternatives face au réchauffement climatique |
| 260 | _c2020. | ||
| 500 | _a42 | ||
| 690 | _aActivisme | ||
| 690 | _aCollapsologie | ||
| 690 | _aDécroissance | ||
| 690 | _aDéveloppement durable | ||
| 690 | _aÉcoféminisme | ||
| 690 | _aRéchauffement climatique | ||
| 786 | 0 | _nPhilosophie magazine - Hors séries | Hors-série Été 2020 | HS46 | 2020-07-01 | p. 21-21 | 2104-9246 | |
| 856 | 4 | 1 | _uhttps://shs.cairn.info/magazine-philosophie-magazine-2020-hs46-page-21?lang=fr&redirect-ssocas=7080 |
| 999 |
_c2073336 _d2073336 |
||